2-amino-1, 3-propanediol as a bioglycerol-derived solvent for CO2 capture /
Saved in:
| Main Author: | |
|---|---|
| Format: | Thesis Book |
| Language: | English |
| Published: |
2019.
|
| Subjects: | |
| Online Access: | http://studentsrepo.um.edu.my/11394/ |
| Tags: |
Add Tag
No Tags, Be the first to tag this record!
|
| LEADER | 01510cam a2200349 i 4500 | ||
|---|---|---|---|
| 001 | u1124655 | ||
| 003 | SIRSI | ||
| 005 | 201910161007 | ||
| 008 | 191016s2019 my a m 000 0 eng | ||
| 040 | |a UMM |d UMJ |e rda | ||
| 090 | |a TA7 |b UM 2019 Nurfnas | ||
| 097 | |a TP7 |b UM 2019 Nurfnas | ||
| 100 | 0 | |a Nurul Fatin Nabilah Abdul Samat, |e author. | |
| 245 | 1 | 0 | |a 2-amino-1, 3-propanediol as a bioglycerol-derived solvent for CO2 capture / |c Nurul Fatin Nabilah Abdul Samat. |
| 264 | 1 | |c 2019. | |
| 300 | |a xx, 100 leaves : |b illustrations ; |c 30 cm | ||
| 336 | |a text |2 rdacontent | ||
| 337 | |a unmediated |2 rdamedia | ||
| 338 | |a volume |2 rdacarrier | ||
| 502 | |b M.Eng.Sc. |c Jabatan Kejuruteraan Kimia, Fakulti Kejuruteraan, Universiti Malaya |d 2019. | ||
| 504 | |a Bibliography: leaves 81-95. | ||
| 530 | |a Also issued in CD. | ||
| 650 | 0 | |a Glycerin |x Biotechnology. | |
| 650 | 0 | |a Carbon dioxide mitigation. | |
| 650 | 0 | |a Amines |x Analysis. | |
| 710 | 2 | |a Universiti Malaya. |b Jabatan Kejuruteraan Kimia, |e degree granting institution. | |
| 596 | |a 1 7 | ||
| 856 | 4 | 1 | |u http://studentsrepo.um.edu.my/11394/ |
| 900 | |a NSM | ||
| 999 | |a TA7 UM 2019 NURFNAS |w LC |c 1 |i A517379232 |f 24/10/2019 |g 1 |l STACKS |m P01UTAMA |r Y |s Y |t TESIS |u 16/10/2019 |1 STEM |o .STAFF. CD disimpan di Perpustakaan Kejuruteraan | ||
| 999 | |a TP7 UM 2019 NURFNAS |w LC |c 1 |i A517446135 |f 30/6/2020 |g 1 |l STACKS |m P07JURUTER |r N |s Y |t TESIS |u 30/6/2020 |1 STEM | ||
| 999 | |a TP7 UM 2019 NURFNAS |w LC |c 2 |i A517446100 |f 30/6/2020 |g 1 |l COUNTER |m P07JURUTER |r N |s Y |t CD |u 30/6/2020 |1 STEM | ||
